00626ngm a2200145 i 4500001001100000003000500011005001700016008004100033040002500074245005100099264004900150500024400199700001100443700002600454C2-0343768PPAK20180727222826.0171123s2017 cc |||| ||||| | vlzxx d aPPAKbengcPPAKerda10aJourney to the west : bthe demons strike back 1aChina : bThe Star Overseas Limited , c2017 aDVD, NTSC, region 3, anamorphic widescreen 1.85:1; 5.1 Dolby Digital. ; Summary : A monk and his disciples travel to the West to exorcise demonic possessions, but first need to understand their own personal anxieties ; Special features : 5 eauthor1 aTsui, Hark, ecompile